000 00463nam a2200181Ia 4500
003 GCL
008 140319s9999 xx 000 0 ara d
040 _aGCL /
_cGCL
082 0 4 _a811.9
_bس ج
100 1 _aسعدى يوسف
245 1 0 _aجنة المنسيات /
_cسعدى يوسف
260 _a[S.N] :
_bدار الجديد ،
_c1993
300 _a67 ص
490 _a
650 0 4 _aالادب العربى
650 0 4 _aالشعر
942 _2ddc
_cBK
999 _c53100
_d53100